000 00540nam a2200193Ia 4500
005 20260120132054.0
008 008 260114s9999 xx 000 0 eng d
020 _a9780197718162
037 _aEBOOK
040 _aCRL
_beng
_cCRL
041 _aeng
_2eng
084 _qCRL
100 _aHalpern
_9934605
245 0 _aZionism and the Creation of a New Society
260 _bOxford University PressOxford University Press
_c2023
856 _uhttps://academic.oup.com/book/48119
942 _cEBOOK
999 _c1526528
_d1526528